Pokémon - Attacken von Iksbat in PLA - Statistiken

Allgemein
  • Dieses Quiz wurde 4 mal gespielt
  • Das Durchschnittsergebnis liegt bei 6 aus 18
Antwortstatistiken
Antwort % Korrekt
Biss
75%
Blutsauger
75%
Aero-Ass
50%
Giftstreich
50%
Hypnose
50%
Kreuzschere
50%
Luftschnitt
50%
Windstoß
50%
Erholung
25%
Hyperstrahl
25%
Matschbombe
25%
Spukball
25%
Sternschauer
25%
Unheilböen
25%
Windschnitt
25%
Finsteraura
0%
Gigastoß
0%
Zen-Kopfstoß
0%
Keine übereinstimmenden Quizze gefunden
Verteilung der Resultate
Anzahl Personen mit jedem Resultat
Perzentil nach korrekt beantworteten Fragen
Ihre Resultats-Entwicklung
Sie haben dieses Quiz noch nicht gespielt